000 00667cam a2200181 a 4500
001 000002087
005 20200929145828.0
008 770219s1965 ve c 001 0 spa
040 _aDO-SdBNP
_bspa
_cBNPHU
082 _aV860
_bB262a
100 1 _aBarnola, Pedro Pablo,
_d1908-1986
_96717
245 1 0 _aApropósitos /
_cPedro Pablo Barnola.
260 _aCaracas :
_bAsociación de Escritores Venezolanos,
_c1965.
300 _a140 p. :
_bretr. ;
_c17 cm.
490 1 _aCuadernos Literarios de la Asociación de Escritores Venezolanos
_v124
650 4 _aLiteratura venezolana
_93816
830 0 _aCuadernos Literarios de la Asociación de Escritores Venezolanos
_n124
_96718
999 _c1947
_d1947